000
00226nam a2200097Ia 4500
008
220204s9999 xx 000 0 und d
082
_a
075
_b
USB
245
0
_a
Usborne guide to painting
260
_a
London
_b
Usborne
942
_c
BK
999
_c
38423
_d
38423